An act of the Commons assembled in Parliament, touching the regulating of the officers of the Navy & Customs. : Die Martis, 16 Januarii, 1648. /

Bibliographic Details
Corporate Author: England and Wales
Format: eBook
Language:English
Published: London : Printed for Edward Husband, printer to the Honourable House of Commons, Jan. 18. 1648. [id est 1649]
Series:Early English books online.
Subjects:
Online Access:Connect to the full text of this electronic book

MARC

Tag First Indicator Second Indicator Subfields
LEADER 00000nam a2200000 4500
001 in00004282849
005 20200813080351.0
006 m g d
007 cr bn |||a|bb|
008 940128s1649 enk o o00| | eng d
035 |a (UnM)99865244 
037 |a CL0051000003  |b ProQuest Information and Learning. 300 N. Zeeb Rd., Ann Arbor, MI 48106 
040 |a Cu-RivES  |c Cu-RivES  |d CStRLIN  |e dcrb  |d WaOLN 
110 1 |a England and Wales. 
245 1 3 |a An act of the Commons assembled in Parliament, touching the regulating of the officers of the Navy & Customs. :  |b Die Martis, 16 Januarii, 1648. /  |c Ordered by the Commons assembled in Parliament, that the act entituled, An Act of the Commons assembled in Parliament, touching the regulating of the officers of the Navy and Customs, be forthwith printed and published: H: Scobel, Cler. Parl. D. Com. 
260 |a London :  |b Printed for Edward Husband, printer to the Honourable House of Commons,  |c Jan. 18. 1648. [id est 1649] 
300 |a 1 online resource (14 pages) 
336 |a text  |b txt  |2 rdacontent 
337 |a computer  |b c  |2 rdamedia 
338 |a online resource  |b cr  |2 rdacarrier 
500 |a Reproduction of the original in the British Library. 
510 4 |a Wing (2nd edition, 1994)  |c E2509. 
510 4 |a Thomason  |c E.538[22]. 
533 |a Electronic reproduction.  |b Ann Arbor, Mich. :  |c UMI,  |d 1999-  |f (Early English books online)  |n Digital version of: (Thomason Tracts ; 83:E538[22])  |7 s1999 miun s 
610 1 0 |a England and Wales.  |b Commissioners of Customs  |x Law and legislation  |v Early works to 1800. 
610 1 0 |a England and Wales.  |b Royal Navy  |x Law and legislation  |v Early works to 1800. 
830 0 |a Early English books online. 
856 4 0 |u http://proxy.library.tamu.edu/login?url=https://search.proquest.com/docview/2240902380  |z Connect to the full text of this electronic book  |t 0 
999 f f |s 0dc927f7-f4cd-3384-9a8c-cdc64a743e71  |i d2339df9-a014-37f0-b248-0f05db932eea  |t 0 
952 f f |a Texas A&M University  |b College Station  |c Electronic Resources  |d Available Online  |t 0  |h No information provided 
998 f f |t 0  |l Available Online